[Event "Deutsche Ländermeisterschaft 2019"]
[Site "Würzburg GER"]
[Date "2019.10.06"]
[Round "7"]
[White "Reich, Elisabeth"]
[Black "Haug, Mara"]
[Result "0-1"]
[Termination "unterminated"]
[Board "5.8"]
[WhiteElo "1199"]
[BlackElo "1508"]
[WhiteClock "01:52:55"]
[BlackClock "00:22:12"]
[WhiteTeam "Bayern 2"]
[BlackTeam "Baden 2"]
[PlyCount "168"]
[WhiteFideId "16239776"]
[BlackFideId "16259300"]
[EventCountry "GER"]
[EventRounds "7"]
[EventType "team-swiss"]
[EventDate "2019.10.01"]

1. e4 {[%clk 1:30:57]} c5 {[%clk 1:30:57]} 2. c3 {[%clk 1:31:17]} Nc6 {[%clk
1:22:38]} 3. d4 {[%clk 1:31:06]} cxd4 {[%clk 1:18:13]} 4. cxd4 {[%clk 1:31:26]}
g6 {[%clk 1:12:08]} 5. Nf3 {[%clk 1:31:25]} Bg7 {[%clk 1:10:52]} 6. Bc4 {[%clk
1:30:53]} d6 {[%clk 1:10:01]} 7. O-O {[%clk 1:30:01]} Nf6 {[%clk 1:05:21]} 8.
Nc3 {[%clk 1:29:50]} O-O {[%clk 1:02:39]} 9. h3 {[%clk 1:29:15]} e6 {[%clk
0:54:20]} 10. Be3 {[%clk 1:29:01]} d5 {[%clk 0:51:03]} 11. exd5 {[%clk
1:28:18]} exd5 {[%clk 0:50:52]} 12. Bb3 {[%clk 1:27:56]} Be6 {[%clk 0:48:17]}
13. Qd2 {[%clk 1:27:30]} Re8 {[%clk 0:43:55]} 14. Bh6 {[%clk 1:27:10]} Bh8
{[%clk 0:42:29]} 15. Rfe1 {[%clk 1:27:15]} Qd7 {[%clk 0:32:05]} 16. Ne5 {[%clk
1:26:11]} Qc7 {[%clk 0:28:19]} 17. Qf4 {[%clk 1:25:38]} Nh5 {[%clk 0:25:55]}
18. Qe3 {[%clk 1:22:46]} Qd8 {[%clk 0:17:36]} 19. Nxc6 {[%clk 1:22:28]} bxc6
{[%clk 0:17:47]} 20. Qd2 {[%clk 1:22:45]} Bf6 {[%clk 0:15:55]} 21. Ba4 {[%clk
1:21:53]} Rc8 {[%clk 0:15:29]} 22. Rab1 {[%clk 1:21:35]} Be7 {[%clk 0:11:48]}
23. a3 {[%clk 1:21:10]} f6 {[%clk 0:11:23]} 24. Bf4 {[%clk 1:20:28]} Nxf4
{[%clk 0:10:42]} 25. Qxf4 {[%clk 1:20:36]} Bd6 {[%clk 0:09:45]} 26. Qd2 {[%clk
1:18:26]} Qb6 {[%clk 0:07:05]} 27. Re2 {[%clk 1:16:32]} Bd7 {[%clk 0:07:07]}
28. Rxe8+ {[%clk 1:16:43]} Rxe8 {[%clk 0:07:16]} 29. Rd1 {[%clk 1:15:37]} Qb7
{[%clk 0:06:11]} 30. Qc2 {[%clk 1:15:02]} Bf5 {[%clk 0:05:34]} 31. Qb3 {[%clk
1:14:37]} Qe7 {[%clk 0:05:26]} 32. g3 {[%clk 1:13:50]} Rb8 {[%clk 0:04:23]} 33.
Qa2 {[%clk 1:14:03]} Qb7 {[%clk 0:04:05]} 34. Ra1 {[%clk 1:13:49]} Bxh3 {[%clk
0:03:41]} 35. Kh2 {[%clk 1:14:05]} Bd7 {[%clk 0:04:03]} 36. Rb1 {[%clk
1:13:18]} Bf5 {[%clk 0:04:07]} 37. Ra1 {[%clk 1:13:27]} Bd3 {[%clk 0:03:04]}
38. Rd1 {[%clk 1:13:02]} Bc4 {[%clk 0:03:17]} 39. Qb1 {[%clk 1:12:40]} Qxb2
{[%clk 0:03:16]} 40. Qxb2 {[%clk 1:13:00]} Rxb2 {[%clk 0:03:37]} 41. Bxc6
{[%clk 1:13:18]} Rxf2+ {[%clk 0:03:41]} 42. Kg1 {[%clk 1:13:33]} Rf5 {[%clk
0:03:48]} 43. Re1 {[%clk 1:13:40]} Bxg3 {[%clk 0:29:58]} 44. Re8+ {[%clk
1:44:17]} Kf7 {[%clk 0:29:24]} 45. Rh8 {[%clk 1:44:12]} Kg7 {[%clk 0:28:59]}
46. Ra8 {[%clk 1:44:26]} Bf2+ {[%clk 0:29:14]} 47. Kg2 {[%clk 1:44:46]} Bxd4
{[%clk 0:29:13]} 48. Nb5 {[%clk 1:44:33]} Bc5 {[%clk 0:26:28]} 49. a4 {[%clk
1:44:31]} Bxb5 {[%clk 0:23:35]} 50. axb5 {[%clk 1:44:40]} d4 {[%clk 0:22:34]}
51. Rd8 {[%clk 1:44:55]} Re5 {[%clk 0:21:26]} 52. Rd7+ {[%clk 1:45:02]} Kh6
{[%clk 0:20:52]} 53. Bf3 {[%clk 1:44:53]} Re6 {[%clk 0:19:39]} 54. Rd5 {[%clk
1:44:39]} Bb6 {[%clk 0:19:17]} 55. Bg4 {[%clk 1:44:15]} Re8 {[%clk 0:18:51]}
56. Rd6 {[%clk 1:44:24]} f5 {[%clk 0:18:39]} 57. Bxf5 {[%clk 1:44:34]} Rd8
{[%clk 0:16:16]} 58. Rxd8 {[%clk 1:44:44]} Bxd8 {[%clk 0:16:42]} 59. Kf2 {[%clk
1:45:03]} gxf5 {[%clk 0:16:59]} 60. Ke2 {[%clk 1:45:21]} Bb6 {[%clk 0:16:34]}
61. Kd3 {[%clk 1:45:44]} Kg5 {[%clk 0:17:06]} 62. Ke2 {[%clk 1:46:12]} Kg4
{[%clk 0:17:20]} 63. Kf2 {[%clk 1:46:26]} h5 {[%clk 0:17:43]} 64. Ke1 {[%clk
1:46:44]} d3 {[%clk 0:17:36]} 65. Kd2 {[%clk 1:46:54]} Kg3 {[%clk 0:17:59]} 66.
Kxd3 {[%clk 1:47:19]} h4 {[%clk 0:18:20]} 67. Kd4 {[%clk 1:47:37]} h3+ {[%clk
0:18:45]} 68. Kd3 {[%clk 1:48:05]} Kg2 {[%clk 0:19:05]} 69. Kc4 {[%clk
1:48:45]} h2 {[%clk 0:19:38]} 70. Kd5 {[%clk 1:49:05]} h1=Q {[%clk 0:19:52]}
71. Ke5 {[%clk 1:49:28]} Kf2 {[%clk 0:20:02]} 72. Kxf5 {[%clk 1:49:42]} Qd1
{[%clk 0:20:02]} 73. Kf4 {[%clk 1:49:47]} Qd3 {[%clk 0:20:14]} 74. Ke5 {[%clk
1:50:03]} Qd4+ {[%clk 0:20:36]} 75. Kf5 {[%clk 1:50:21]} Kf3 {[%clk 0:20:42]}
76. Ke6 {[%clk 1:50:39]} Qc5 {[%clk 0:20:58]} 77. Kf6 {[%clk 1:51:02]} Qd5
{[%clk 0:20:59]} 78. Ke7 {[%clk 1:51:15]} Kg4 {[%clk 0:20:48]} 79. Kf6 {[%clk
1:51:34]} Qe4 {[%clk 0:21:00]} 80. Kg7 {[%clk 1:51:54]} Qf5 {[%clk 0:21:07]}
81. Kh6 {[%clk 1:52:05]} Qg5+ {[%clk 0:21:21]} 82. Kh7 {[%clk 1:52:22]} Kf5
{[%clk 0:21:31]} 83. Kh8 {[%clk 1:52:35]} Kf6 {[%clk 0:21:46]} 84. Kh7 {[%clk
1:52:55]} Qg7# {[%clk 0:22:12]} 0-1

[Event "Deutsche Ländermeisterschaft 2019"]
[Site "Würzburg GER"]
[Date "2019.10.06"]
[Round "7"]
[White "Haack, Kevin"]
[Black "Lederer, Leia"]
[Result "1/2-1/2"]
[Termination "unterminated"]
[Board "6.5"]
[WhiteElo "2044"]
[BlackElo "1750"]
[WhiteClock "00:03:13"]
[BlackClock "00:04:57"]
[WhiteTeam "Hessen"]
[BlackTeam "Team Süd"]
[PlyCount "131"]
[WhiteFideId "16228715"]
[BlackFideId "12926353"]
[EventCountry "GER"]
[EventRounds "7"]
[EventType "team-swiss"]
[EventDate "2019.10.01"]

1. c4 {[%clk 1:30:56]} c5 {[%clk 1:30:51]} 2. Nc3 {[%clk 1:31:18]} Nc6 {[%clk
1:30:46]} 3. Nf3 {[%clk 1:31:27]} Nf6 {[%clk 1:30:55]} 4. g3 {[%clk 1:31:26]}
g6 {[%clk 1:30:53]} 5. Bg2 {[%clk 1:30:52]} Bg7 {[%clk 1:31:18]} 6. a3 {[%clk
1:30:34]} d6 {[%clk 1:30:26]} 7. Rb1 {[%clk 1:29:21]} a5 {[%clk 1:26:34]} 8.
O-O {[%clk 1:29:13]} O-O {[%clk 1:22:26]} 9. d4 {[%clk 1:24:17]} Bf5 {[%clk
1:13:55]} 10. Ra1 {[%clk 1:24:02]} cxd4 {[%clk 1:09:40]} 11. Nxd4 {[%clk
1:23:14]} Nxd4 {[%clk 1:05:01]} 12. Qxd4 {[%clk 1:23:38]} Ne4 {[%clk 1:04:01]}
13. Qe3 {[%clk 1:20:45]} Nxc3 {[%clk 1:02:45]} 14. bxc3 {[%clk 1:20:55]} Qc7
{[%clk 0:56:45]} 15. Bd2 {[%clk 1:13:35]} Rab8 {[%clk 0:49:24]} 16. Rac1 {[%clk
1:04:32]} Rfe8 {[%clk 0:46:53]} 17. Qf4 {[%clk 0:51:10]} Be5 {[%clk 0:45:19]}
18. Qh4 {[%clk 0:51:32]} Bf6 {[%clk 0:45:27]} 19. Qf4 {[%clk 0:51:29]} e5
{[%clk 0:45:38]} 20. Qf3 {[%clk 0:47:58]} e4 {[%clk 0:42:46]} 21. Qe3 {[%clk
0:42:04]} Qxc4 {[%clk 0:41:02]} 22. Qb6 {[%clk 0:41:42]} Qxe2 {[%clk 0:36:37]}
23. Be3 {[%clk 0:41:26]} Be5 {[%clk 0:28:17]} 24. Qxa5 {[%clk 0:41:03]} Rec8
{[%clk 0:25:16]} 25. Qb4 {[%clk 0:34:57]} Qc4 {[%clk 0:20:16]} 26. Rfd1 {[%clk
0:29:57]} Qxb4 {[%clk 0:12:49]} 27. cxb4 {[%clk 0:30:20]} Rxc1 {[%clk 0:12:57]}
28. Rxc1 {[%clk 0:30:14]} Bb2 {[%clk 0:12:20]} 29. Rb1 {[%clk 0:29:14]} Bxa3
{[%clk 0:12:34]} 30. g4 {[%clk 0:28:09]} Bxg4 {[%clk 0:12:00]} 31. Bxe4 {[%clk
0:28:27]} Bf5 {[%clk 0:11:15]} 32. Bxf5 {[%clk 0:26:26]} gxf5 {[%clk 0:11:40]}
33. Rb3 {[%clk 0:22:15]} Ra8 {[%clk 0:11:19]} 34. Bh6 {[%clk 0:20:51]} Kh8
{[%clk 0:08:34]} 35. Bf4 {[%clk 0:20:07]} Ra6 {[%clk 0:08:35]} 36. Kf1 {[%clk
0:18:19]} Kg7 {[%clk 0:08:23]} 37. Ke2 {[%clk 0:18:33]} Kf6 {[%clk 0:08:27]}
38. Kd3 {[%clk 0:18:01]} Ke6 39. Kd4 {[%clk 0:17:32]} f6 {[%clk 0:05:28]} 40.
Bd2 {[%clk 0:16:45]} h5 41. Rh3 {[%clk 0:23:17]} Bb2+ {[%clk 0:29:34]} 42. Kc4
{[%clk 0:23:08]} Rc6+ {[%clk 0:25:33]} 43. Kb3 {[%clk 0:20:29]} Bd4 {[%clk
0:24:43]} 44. f3 {[%clk 0:20:03]} d5 {[%clk 0:20:27]} 45. Rxh5 {[%clk 0:19:34]}
Bg1 {[%clk 0:17:18]} 46. h4 {[%clk 0:18:36]} d4 {[%clk 0:17:21]} 47. Rh8 {[%clk
0:18:00]} Rc7 {[%clk 0:16:57]} 48. h5 {[%clk 0:10:05]} Be3 {[%clk 0:09:43]} 49.
Bxe3 Rc3+ {[%clk 0:08:18]} 50. Kb2 {[%clk 0:09:51]} Rxe3 51. h6 Kf7 {[%clk
0:08:04]} 52. Rb8 {[%clk 0:06:33]} Kg6 {[%clk 0:07:48]} 53. Rxb7 {[%clk
0:06:50]} Kxh6 {[%clk 0:08:13]} 54. Rd7 {[%clk 0:06:45]} d3 {[%clk 0:04:51]}
55. Kc3 {[%clk 0:06:18]} d2+ {[%clk 0:04:47]} 56. Kxd2 {[%clk 0:06:24]} Rb3
{[%clk 0:04:42]} 57. Rd4 {[%clk 0:02:35]} Rxf3 {[%clk 0:04:21]} 58. Rd3 {[%clk
0:02:26]} Rf4 {[%clk 0:04:14]} 59. Rb3 {[%clk 0:02:42]} Rd4+ {[%clk 0:04:27]}
60. Ke3 {[%clk 0:02:57]} Re4+ {[%clk 0:04:27]} 61. Kf3 {[%clk 0:03:12]} Kg7
{[%clk 0:04:33]} 62. b5 {[%clk 0:03:05]} Rh4 {[%clk 0:04:03]} 63. Kg2 {[%clk
0:02:39]} f4 {[%clk 0:04:10]} 64. b6 {[%clk 0:02:53]} Rh8 {[%clk 0:04:34]} 65.
b7 {[%clk 0:03:14]} Rb8 {[%clk 0:04:57]} 66. Kf3 {[%clk 0:03:13]} 1/2-1/2

[Event "Deutsche Ländermeisterschaft 2019"]
[Site "Würzburg GER"]
[Date "2019.10.06"]
[Round "7"]
[White "Pavlov, Liliane"]
[Black "Yaghi, Rita"]
[Result "0-1"]
[Termination "unterminated"]
[Board "6.6"]
[WhiteElo "1629"]
[BlackElo "1973"]
[WhiteClock "00:55:24"]
[BlackClock "00:48:19"]
[WhiteTeam "Team Süd"]
[BlackTeam "Hessen"]
[PlyCount "102"]
[WhiteFideId "16225449"]
[BlackFideId "7603266"]
[EventCountry "GER"]
[EventRounds "7"]
[EventType "team-swiss"]
[EventDate "2019.10.01"]

1. d4 {[%clk 1:30:57]} d5 {[%clk 1:30:34]} 2. c4 {[%clk 1:31:13]} e6 {[%clk
1:30:22]} 3. Nf3 {[%clk 1:31:32]} c6 {[%clk 1:30:24]} 4. g3 {[%clk 1:31:03]}
dxc4 {[%clk 1:29:33]} 5. Bg2 {[%clk 1:31:25]} b5 {[%clk 1:28:53]} 6. Ne5 {[%clk
1:31:16]} Bb7 {[%clk 1:28:25]} 7. a4 {[%clk 1:30:09]} Qc8 {[%clk 1:26:33]} 8.
b3 {[%clk 1:28:46]} cxb3 {[%clk 1:20:53]} 9. Qxb3 {[%clk 1:28:14]} a6 {[%clk
1:19:48]} 10. O-O {[%clk 1:21:15]} Nd7 {[%clk 1:14:52]} 11. Nd3 {[%clk
1:18:13]} Ngf6 {[%clk 1:09:21]} 12. Nc3 {[%clk 1:12:14]} Be7 {[%clk 1:05:04]}
13. Ba3 {[%clk 1:08:30]} Rb8 {[%clk 0:58:23]} 14. Bxe7 {[%clk 1:08:16]} Kxe7
{[%clk 0:58:50]} 15. Qa3+ {[%clk 1:07:58]} Ke8 {[%clk 0:57:05]} 16. Rfc1 {[%clk
1:04:14]} Qd8 {[%clk 0:57:05]} 17. Nb4 {[%clk 0:59:45]} a5 {[%clk 0:51:06]} 18.
Bxc6 {[%clk 0:56:01]} axb4 {[%clk 0:50:04]} 19. Bxd7+ {[%clk 0:56:20]} Qxd7
{[%clk 0:42:12]} 20. Qxb4 {[%clk 0:56:33]} Nd5 {[%clk 0:41:25]} 21. Qxb5 {[%clk
0:55:34]} Nxc3 {[%clk 0:41:25]} 22. Qxd7+ {[%clk 0:55:45]} Kxd7 {[%clk
0:41:54]} 23. Rxc3 {[%clk 0:56:04]} Rhc8 {[%clk 0:42:15]} 24. Rd3 {[%clk
0:55:57]} Rc2 {[%clk 0:42:30]} 25. Kf1 {[%clk 0:54:38]} Ba6 {[%clk 0:42:47]}
26. Re3 {[%clk 0:54:58]} Rcb2 {[%clk 0:43:04]} 27. Rd1 {[%clk 0:52:31]} Rb1
{[%clk 0:43:19]} 28. Ke1 {[%clk 0:52:48]} Rxd1+ {[%clk 0:43:43]} 29. Kxd1
{[%clk 0:53:14]} Rb4 {[%clk 0:44:01]} 30. Re4 {[%clk 0:53:06]} Rxa4 {[%clk
0:43:21]} 31. e3 {[%clk 0:52:48]} Ra1+ {[%clk 0:43:32]} 32. Kd2 {[%clk
0:52:58]} Ra2+ {[%clk 0:43:55]} 33. Ke1 {[%clk 0:53:12]} Re2+ {[%clk 0:44:19]}
34. Kd1 {[%clk 0:53:35]} Rxf2 {[%clk 0:44:42]} 35. h4 {[%clk 0:53:45]} Bb7
{[%clk 0:44:49]} 36. Re5 {[%clk 0:53:44]} Rf5 {[%clk 0:43:54]} 37. Rxf5 {[%clk
0:53:48]} exf5 {[%clk 0:44:22]} 38. Ke2 {[%clk 0:54:04]} Ke6 {[%clk 0:44:50]}
39. Kf2 {[%clk 0:53:57]} Be4 {[%clk 0:44:13]} 40. Kg1 {[%clk 0:54:01]} Kd5
{[%clk 0:44:37]} 41. Kf2 {[%clk 0:54:13]} Kc4 {[%clk 0:44:55]} 42. Ke2 {[%clk
0:53:53]} Kc3 {[%clk 0:45:18]} 43. Ke1 {[%clk 0:54:06]} Kd3 {[%clk 0:45:39]}
44. Kf2 {[%clk 0:54:31]} Kd2 {[%clk 0:46:05]} 45. h5 {[%clk 0:54:33]} h6 {[%clk
0:46:30]} 46. Kg1 {[%clk 0:54:46]} Kxe3 {[%clk 0:46:55]} 47. Kh2 {[%clk
0:55:09]} Kxd4 {[%clk 0:47:16]} 48. Kh3 {[%clk 0:55:19]} Ke3 {[%clk 0:47:10]}
49. Kh4 {[%clk 0:54:58]} f4 {[%clk 0:47:27]} 50. gxf4 {[%clk 0:55:20]} Kxf4
{[%clk 0:47:55]} 51. Kh3 {[%clk 0:55:24]} Kg5 {[%clk 0:48:19]} 0-1

[Event "Deutsche Ländermeisterschaft 2019"]
[Site "Würzburg GER"]
[Date "2019.10.06"]
[Round "7"]
[White "Bakó, Isabella"]
[Black "von Beckh, Frieda"]
[Result "0-1"]
[Termination "unterminated"]
[Board "6.8"]
[WhiteElo "1266"]
[BlackElo "1541"]
[WhiteClock "00:19:09"]
[BlackClock "00:24:46"]
[WhiteTeam "Team Süd"]
[BlackTeam "Hessen"]
[PlyCount "118"]
[WhiteFideId "16287266"]
[BlackFideId "16233751"]
[EventCountry "GER"]
[EventRounds "7"]
[EventType "team-swiss"]
[EventDate "2019.10.01"]

1. e4 {[%clk 1:30:56]} c5 {[%clk 1:30:54]} 2. Nf3 {[%clk 1:31:15]} d6 {[%clk
1:31:09]} 3. d4 {[%clk 1:31:19]} cxd4 {[%clk 1:31:33]} 4. Nxd4 {[%clk 1:31:39]}
Nf6 {[%clk 1:31:58]} 5. f3 {[%clk 1:31:39]} Nc6 {[%clk 1:31:36]} 6. c4 {[%clk
1:31:21]} g6 {[%clk 1:31:33]} 7. Nc3 {[%clk 1:30:23]} Bg7 {[%clk 1:31:51]} 8.
Be3 {[%clk 1:30:08]} Qb6 {[%clk 1:25:00]} 9. Qd2 {[%clk 1:27:32]} Ng4 {[%clk
1:14:04]} 10. Nf5 {[%clk 1:24:05]} Nxe3 {[%clk 1:13:17]} 11. Nxe3 {[%clk
1:23:02]} O-O {[%clk 1:09:36]} 12. Rc1 {[%clk 1:11:34]} Bd7 {[%clk 1:04:23]}
13. Ned5 {[%clk 1:07:24]} Qd8 {[%clk 1:00:26]} 14. b3 {[%clk 1:02:45]} e6
{[%clk 0:52:57]} 15. Ne3 {[%clk 1:01:31]} Bh6 {[%clk 0:48:43]} 16. Nb5 {[%clk
0:57:55]} Qb6 {[%clk 0:44:50]} 17. Rc3 {[%clk 0:55:56]} Rfd8 {[%clk 0:42:00]}
18. Qf2 {[%clk 0:52:16]} a6 {[%clk 0:40:11]} 19. Ng4 {[%clk 0:50:00]} Qxf2+
{[%clk 0:36:22]} 20. Kxf2 {[%clk 0:50:11]} Bg7 {[%clk 0:35:57]} 21. Na3 {[%clk
0:47:47]} Bxc3 {[%clk 0:35:56]} 22. Nh6+ {[%clk 0:41:43]} Kg7 {[%clk 0:35:15]}
23. Ng4 {[%clk 0:41:33]} Nb4 {[%clk 0:33:35]} 24. Be2 {[%clk 0:40:33]} Nxa2
{[%clk 0:31:59]} 25. Rd1 {[%clk 0:37:33]} Bc6 {[%clk 0:30:23]} 26. Nb1 {[%clk
0:35:27]} Ba1 {[%clk 0:29:05]} 27. Nd2 {[%clk 0:32:50]} Bd4+ {[%clk 0:28:55]}
28. Kg3 {[%clk 0:32:37]} Nc3 {[%clk 0:28:04]} 29. Re1 {[%clk 0:32:19]} Nxe2+
{[%clk 0:27:44]} 30. Rxe2 {[%clk 0:32:35]} Kf8 {[%clk 0:27:50]} 31. f4 {[%clk
0:28:14]} h5 {[%clk 0:26:16]} 32. Nf2 {[%clk 0:27:46]} b5 {[%clk 0:25:26]} 33.
Nh3 {[%clk 0:25:51]} bxc4 {[%clk 0:25:02]} 34. bxc4 {[%clk 0:26:05]} Rab8
{[%clk 0:25:13]} 35. Nf3 {[%clk 0:24:30]} Bg7 {[%clk 0:25:07]} 36. Nhg5 {[%clk
0:24:01]} Rb4 {[%clk 0:23:19]} 37. Nd2 {[%clk 0:21:49]} Rb2 {[%clk 0:22:24]}
38. Ngf3 {[%clk 0:21:37]} Bc3 {[%clk 0:22:12]} 39. Kf2 {[%clk 0:20:40]} e5
{[%clk 0:21:32]} 40. g3 {[%clk 0:20:16]} exf4 {[%clk 0:20:57]} 41. gxf4 {[%clk
0:20:04]} Re8 {[%clk 0:20:11]} 42. h3 {[%clk 0:17:47]} Bxd2 {[%clk 0:20:14]}
43. Nxd2 {[%clk 0:16:54]} Bxe4 {[%clk 0:20:29]} 44. Nxe4 {[%clk 0:15:52]} Rxe2+
{[%clk 0:20:51]} 45. Kxe2 {[%clk 0:15:38]} Rxe4+ {[%clk 0:21:17]} 46. Kd3
{[%clk 0:15:53]} Rxf4 {[%clk 0:21:36]} 47. Kc3 {[%clk 0:15:57]} Rf3+ {[%clk
0:21:52]} 48. Kb4 {[%clk 0:16:15]} Rxh3 {[%clk 0:22:09]} 49. Ka5 {[%clk
0:16:30]} f5 {[%clk 0:22:17]} 50. Kxa6 {[%clk 0:16:45]} f4 {[%clk 0:22:37]} 51.
Kb6 {[%clk 0:17:03]} f3 {[%clk 0:22:53]} 52. Kc6 {[%clk 0:17:17]} f2 {[%clk
0:23:18]} 53. Kxd6 {[%clk 0:17:39]} f1=Q {[%clk 0:23:37]} 54. c5 {[%clk
0:17:59]} Re3 {[%clk 0:23:35]} 55. c6 {[%clk 0:18:15]} Qd1+ {[%clk 0:23:56]}
56. Kc7 {[%clk 0:18:34]} Rc3 {[%clk 0:23:51]} 57. Kb7 {[%clk 0:18:53]} Qd8
{[%clk 0:24:09]} 58. Ka6 {[%clk 0:18:59]} Qb8 {[%clk 0:24:20]} 59. c7 {[%clk
0:19:09]} Ra3# {[%clk 0:24:46]} 0-1

[Event "Deutsche Ländermeisterschaft 2019"]
[Site "Würzburg GER"]
[Date "2019.10.06"]
[Round "7"]
[White "Jeschke, Jan"]
[Black "Degenhard, Simon"]
[Result "0-1"]
[Termination "unterminated"]
[Board "7.1"]
[BlackTitle "FM"]
[WhiteElo "1863"]
[BlackElo "2201"]
[WhiteClock "00:06:24"]
[BlackClock "00:10:55"]
[WhiteTeam "Saarland"]
[BlackTeam "Württemberg"]
[PlyCount "68"]
[WhiteFideId "16225430"]
[BlackFideId "12944017"]
[EventCountry "GER"]
[EventRounds "7"]
[EventType "team-swiss"]
[EventDate "2019.10.01"]

1. e4 {[%clk 1:30:52]} c5 {[%clk 1:30:53]} 2. d4 {[%clk 1:31:16]} cxd4 {[%clk
1:31:14]} 3. c3 {[%clk 1:31:41]} Nf6 {[%clk 1:31:39]} 4. e5 {[%clk 1:31:46]}
Nd5 {[%clk 1:32:02]} 5. Nf3 {[%clk 1:32:10]} e6 {[%clk 1:32:24]} 6. cxd4 {[%clk
1:32:08]} d6 {[%clk 1:32:36]} 7. Bc4 {[%clk 1:29:32]} Be7 {[%clk 1:32:14]} 8.
O-O {[%clk 1:29:51]} Nc6 {[%clk 1:31:26]} 9. Qe2 {[%clk 1:28:54]} O-O {[%clk
1:29:51]} 10. Nc3 {[%clk 1:28:36]} Nxc3 {[%clk 1:30:12]} 11. bxc3 {[%clk
1:29:01]} dxe5 {[%clk 1:30:22]} 12. dxe5 {[%clk 1:28:33]} Qa5 {[%clk 1:30:10]}
13. Bd2 {[%clk 1:23:49]} Rd8 {[%clk 1:28:11]} 14. Bb3 {[%clk 1:19:49]} b6
{[%clk 1:22:50]} 15. Rfe1 {[%clk 1:16:10]} Bb7 {[%clk 1:19:00]} 16. Bc2 {[%clk
1:14:13]} Rac8 {[%clk 1:17:16]} 17. Rac1 {[%clk 1:02:26]} Nb8 {[%clk 1:04:38]}
18. Nd4 {[%clk 0:52:43]} Qxa2 {[%clk 0:49:22]} 19. Bb3 {[%clk 0:18:38]} Qa6
{[%clk 0:38:04]} 20. Qh5 {[%clk 0:16:33]} Bd5 {[%clk 0:36:06]} 21. Bc2 {[%clk
0:16:22]} g6 {[%clk 0:36:29]} 22. Qh6 {[%clk 0:16:02]} Qb7 {[%clk 0:32:25]} 23.
Re3 {[%clk 0:13:47]} Bf8 {[%clk 0:32:46]} 24. Qf4 {[%clk 0:14:15]} Nc6 {[%clk
0:29:54]} 25. Rh3 {[%clk 0:11:42]} Nxd4 {[%clk 0:29:35]} 26. cxd4 {[%clk
0:12:08]} Bxg2 {[%clk 0:27:20]} 27. Rg3 {[%clk 0:12:26]} Bc6 {[%clk 0:25:50]}
28. Qh4 {[%clk 0:11:38]} Qd7 {[%clk 0:19:30]} 29. Rh3 {[%clk 0:11:42]} h5
{[%clk 0:19:41]} 30. Be3 {[%clk 0:09:43]} Qd5 {[%clk 0:16:25]} 31. f3 {[%clk
0:10:08]} Be8 {[%clk 0:14:45]} 32. Qg5 {[%clk 0:08:09]} Bg7 {[%clk 0:12:36]}
33. Rxh5 {[%clk 0:06:38]} gxh5 {[%clk 0:11:33]} 34. Qxh5 {[%clk 0:06:24]} f5
{[%clk 0:10:55]} 0-1

[Event "Deutsche Ländermeisterschaft 2019"]
[Site "Würzburg GER"]
[Date "2019.10.06"]
[Round "7"]
[White "Chassard, Cedric"]
[Black "Richter, Nils"]
[Result "1/2-1/2"]
[Termination "unterminated"]
[Board "7.3"]
[WhiteElo "1929"]
[BlackElo "2238"]
[WhiteClock "00:14:36"]
[BlackClock "00:15:47"]
[WhiteTeam "Saarland"]
[BlackTeam "Württemberg"]
[PlyCount "69"]
[WhiteFideId "16243536"]
[BlackFideId "12990809"]
[EventCountry "GER"]
[EventRounds "7"]
[EventType "team-swiss"]
[EventDate "2019.10.01"]

1. e4 {[%clk 1:30:55]} c5 {[%clk 1:30:55]} 2. Nf3 {[%clk 1:31:20]} e6 {[%clk
1:31:15]} 3. g3 {[%clk 1:31:36]} Nc6 {[%clk 1:31:34]} 4. Bg2 {[%clk 1:31:59]}
Nf6 {[%clk 1:31:57]} 5. Qe2 {[%clk 1:31:14]} e5 {[%clk 1:32:20]} 6. O-O {[%clk
1:30:26]} Be7 {[%clk 1:32:34]} 7. c3 {[%clk 1:27:35]} O-O {[%clk 1:32:40]} 8.
d3 {[%clk 1:25:29]} h6 {[%clk 1:32:51]} 9. h3 {[%clk 1:24:12]} Re8 {[%clk
1:32:25]} 10. c4 Bf8 {[%clk 1:26:43]} 11. Nc3 {[%clk 1:18:47]} a6 {[%clk
1:24:49]} 12. b3 {[%clk 1:13:41]} b5 {[%clk 1:22:48]} 13. Nd5 {[%clk 1:09:33]}
d6 {[%clk 1:17:06]} 14. Bd2 {[%clk 1:05:59]} g6 {[%clk 1:10:09]} 15. a3 {[%clk
0:52:29]} Rb8 {[%clk 1:08:53]} 16. Rab1 {[%clk 0:52:02]} Bg7 {[%clk 1:03:52]}
17. a4 {[%clk 0:49:52]} Kh7 {[%clk 0:58:23]} 18. Kh2 {[%clk 0:43:57]} Nxd5
{[%clk 0:56:33]} 19. cxd5 {[%clk 0:42:48]} Ne7 {[%clk 0:56:43]} 20. axb5 {[%clk
0:42:06]} Rxb5 {[%clk 0:52:35]} 21. b4 {[%clk 0:40:30]} cxb4 {[%clk 0:51:39]}
22. Rxb4 {[%clk 0:39:39]} Bd7 {[%clk 0:50:22]} 23. Rfb1 {[%clk 0:38:38]} Qb6
{[%clk 0:45:55]} 24. Ne1 {[%clk 0:37:01]} f5 {[%clk 0:43:10]} 25. Nc2 {[%clk
0:35:04]} Rb8 {[%clk 0:33:10]} 26. Na3 {[%clk 0:26:44]} Rxb4 {[%clk 0:33:38]}
27. Rxb4 {[%clk 0:26:58]} Bb5 {[%clk 0:32:53]} 28. Be3 {[%clk 0:23:57]} Qa5
{[%clk 0:21:00]} 29. Qb2 {[%clk 0:23:37]} f4 {[%clk 0:21:26]} 30. Bd2 {[%clk
0:19:54]} Qb6 {[%clk 0:21:31]} 31. Bc3 {[%clk 0:19:13]} fxg3+ {[%clk 0:20:38]}
32. fxg3 {[%clk 0:18:29]} Rf8 {[%clk 0:17:31]} 33. Nxb5 {[%clk 0:15:16]} Rf2
{[%clk 0:15:51]} 34. Qb1 {[%clk 0:14:55]} axb5 {[%clk 0:15:47]} 35. Rxb5 {[%clk
0:14:36]} 1/2-1/2